[Event "Queima das Fitas Open"]
[Site "Coimbra POR"]
[Date "2017.04.29"]
[Round "3.18"]
[White "Prata,Jorge"]
[Black "Nunes,Urbano"]
[Result "1-0"]
[WhiteElo "1725"]
[BlackElo "1537"]

1.e4 c5 2.Nf3 d6 3.d4 cxd4 4.Nxd4 Nf6 5.Nc3 a6 6.Bc4 e6 7.Bb3 Be7 8.Be3 b5
9.f3 Qc7 10.Qd2 Nc6 11.O-O-O Ne5 12.Ncxb5 axb5 13.Nxb5 Qb8 14.Nxd6+ Bxd6
15.Qxd6 Qxd6 16.Rxd6 O-O 17.Rhd1 Ba6 18.Bd4 Nc4 19.Rxa6 Rxa6 20.Bxc4 Ra4
21.Bb3 Ra6 22.g4 Rd8 23.Bxf6 Rxd1+ 24.Kxd1 gxf6 25.Kd2 Rd6+ 26.Ke2 Kf8 27.Bc4
Ke7 28.Bd3 h6 29.b4 Kd7 30.a4 Kc7 31.c4 e5 32.Kd2 Kc6 33.Kc3 Rd4 34.a5 Rd6
35.c5 Rd4 36.a6 Rd7 37.Bc4 Rc7 38.Bd5+ Kb5 39.Bb7 {#r} 1-0

[Event "PSS IM Norm 2017"]
[Site "Johannesburg RSA"]
[Date "2017.04.29"]
[Round "6.2"]
[White "Sriram,J"]
[Black "Makoto,R"]
[Result "1-0"]
[WhiteElo "2396"]
[BlackElo "2378"]

1.d4 Nf6 2.Nf3 d5 3.c4 e6 4.Nc3 Bb4 5.Qa4+ Nc6 6.e3 O-O 7.Qc2 Re8 8.Bd2 a6
9.a3 Bf8 10.Bd3 g6 11.O-O e5 12.cxd5 Nxd5 13.Nxd5 Qxd5 14.Be4 Qd6 15.Bxc6 Qxc6
16.Qxc6 bxc6 17.Nxe5 c5 18.Bc3 cxd4 19.Bxd4 c5 20.Bc3 Bg7 21.f4 Be6 22.Rad1
Rad8 23.Rc1 f6 24.Nf3 Bb3 25.Rfe1 Rd3 26.Kf2 Bd5 27.Red1 c4 28.Ne1 Rxd1
29.Rxd1 Bf7 30.Nc2 Rb8 31.Nb4 f5 32.Nxa6 Bxc3 33.Nxb8 Bxb2 34.Rd8+ Kg7 35.Rc8
Bxa3 36.Nc6 Bb2 37.Ne5 Bxe5 38.fxe5 g5 39.Rc7 Kf8 40.g3 h5 41.h4 {#r} 1-0

[Event "PSS IM Norm 2017"]
[Site "Johannesburg RSA"]
[Date "2017.04.29"]
[Round "6.3"]
[White "Klaasen,C"]
[Black "Masango,S"]
[Result "1-0"]
[WhiteElo "2226"]
[BlackElo "2232"]

1.d4 Nf6 2.Nf3 g6 3.c4 Bg7 4.Nc3 O-O 5.e4 d6 6.Be2 e5 7.O-O Nc6 8.d5 Ne7 9.b4
a5 10.Ba3 b6 11.bxa5 Rxa5 12.Bb4 Ra8 13.a4 Re8 14.a5 c5 15.dxc6 Nxc6 16.Bxd6
Nd4 17.Nxd4 exd4 18.Nb5 Nxe4 19.Bc7 Qg5 20.Bxb6 Bh3 21.Bf3 Nd2 22.Kh1 Nxf1
23.Qxf1 d3 24.Rd1 Bg4 25.Bxg4 Qxg4 26.Nc7 Be5 27.Nxe8 Rxe8 28.Qxd3 Re6 29.h3
Qf4 30.g3 Qh6 31.Qd8+ Kg7 32.Kg2 Bf6 33.Qd5 Re5 34.Qd2 Qh5 35.a6 Re2 36.Qd5
Qe5 37.Qxe5 Bxe5 38.a7 Ra2 39.Rd8 {#r} 1-0

[Event "PSS IM Norm 2017"]
[Site "Johannesburg RSA"]
[Date "2017.04.29"]
[Round "6.4"]
[White "Amonatov,F"]
[Black "Mosetlhe,K"]
[Result "1-0"]
[WhiteElo "2632"]
[BlackElo "2162"]

1.e4 e5 2.Nf3 Nc6 3.Bb5 a6 4.Ba4 Nf6 5.O-O Be7 6.Re1 b5 7.Bb3 O-O 8.h3 d6 9.c3
Nb8 10.d4 Nbd7 11.Nbd2 Bb7 12.Bc2 c5 13.Nf1 Re8 14.Ng3 g6 15.d5 c4 16.a4 Qc7
17.Bg5 Nc5 18.Qd2 bxa4 19.Bxa4 Nxa4 20.Rxa4 a5 21.Rea1 Nd7 22.Be3 Bd8 23.Qe2
Ba6 24.R4a3 Qb7 25.Nh2 Rc8 26.Ng4 Nc5 27.Rxa5 Bxa5 28.Nf6+ Kg7 29.Nxe8+ Rxe8
30.Bxc5 Bc7 31.Be3 Ra8 32.f4 exf4 33.Bxf4 Bb5 34.Rf1 f6 35.Kh1 Qb8 36.Qd2 Bd8
37.Be3 Be7 38.Bd4 Bd7 39.Nh5+ Kg8 40.Bxf6 Bf8 41.Bd4 {#r} 1-0

[Event "PSS IM Norm 2017"]
[Site "Johannesburg RSA"]
[Date "2017.04.29"]
[Round "6.5"]
[White "Jere,D"]
[Black "Barrish,Daniel"]
[Result "1-0"]
[WhiteElo "2384"]
[BlackElo "2252"]

1.c4 e5 2.g3 c6 3.d4 e4 4.Bg2 d5 5.Nc3 Bb4 6.Qb3 Bxc3+ 7.bxc3 Nf6 8.Ba3 Na6
9.cxd5 cxd5 10.f3 Qa5 11.Rc1 b6 12.Nh3 Bd7 13.O-O Bb5 14.fxe4 Bc4 15.Qb2 dxe4
16.Nf2 Qg5 17.Qc2 O-O-O 18.Be7 Rde8 19.Bxf6 Qxf6 20.Nxe4 Qg6 21.Qa4 Bxe2
22.Rfe1 Bd3 23.Nd6+ {#r} 1-0

[Event "24th Space Coast Open"]
[Site "Cocoa Beach USA"]
[Date "2017.04.29"]
[Round "2.3"]
[White "Becerra Rivero,J"]
[Black "Perrine,Dalton"]
[Result "1-0"]
[WhiteElo "2550"]
[BlackElo "2308"]

1.e4 c5 2.Nf3 e6 3.Nc3 a6 4.d4 cxd4 5.Nxd4 Qc7 6.Bd3 Nf6 7.O-O Bc5 8.Nb3 Be7
9.Qe2 Nc6 10.Bd2 b5 11.f4 d6 12.Rae1 b4 13.Nd1 e5 14.Ne3 Be6 15.f5 Bc8 16.Nd5
Nxd5 17.exd5 Nb8 18.Qg4 Nd7 19.Qxg7 Bf6 20.Qg4 Bb7 21.Bxb4 Bxd5 22.Qd4 Rb8
23.Qxd5 Rxb4 24.c3 Nb6 25.Qf3 Ra4 26.c4 Rxa2 27.Nd2 Rxb2 28.Ne4 Nd7 29.Rb1
Qb6+ 30.c5 dxc5 31.Rxb2 Qxb2 32.Nxf6+ Nxf6 33.Qc6+ Ke7 34.Qxc5+ Kd7 35.Qa7+
Kd6 36.Qxf7 Qd4+ 37.Kh1 Qxd3 38.Qxf6+ Kd5 39.Qe6+ Kd4 40.Qd6+ Ke4 41.Re1+ {#r}
1-0

[Event "24th Space Coast Open"]
[Site "Cocoa Beach USA"]
[Date "2017.04.29"]
[Round "2.4"]
[White "Girones Barrios,Y"]
[Black "Tabor,Kai"]
[Result "1-0"]
[WhiteElo "2421"]
[BlackElo "2124"]

1.d4 Nf6 2.c4 c5 3.d5 e6 4.Nc3 exd5 5.cxd5 d6 6.e4 g6 7.f4 Bg7 8.Bb5+ Bd7 9.e5
dxe5 10.fxe5 Ng8 11.Nf3 Ne7 12.O-O O-O 13.Bc4 Bg4 14.Bf4 Nd7 15.Re1 Nb6 16.b3
Nf5 17.h3 Bxf3 18.Qxf3 Nd4 19.Qd3 Re8 20.Rad1 Qd7 21.Bh2 a6 22.Ne4 Nxc4
23.Qxc4 b6 24.Nd6 Re7 25.Nxf7 Rxf7 26.e6 Qe8 27.exf7+ Qxf7 28.Rf1 Qd7 29.d6+
Qe6 30.Qxe6+ Nxe6 31.Rde1 Nd4 32.d7 {#r} 1-0

[Event "24th Space Coast Open"]
[Site "Cocoa Beach USA"]
[Date "2017.04.29"]
[Round "3.1"]
[White "Quesada Perez,Yu"]
[Black "Girones Barrios,Y"]
[Result "1-0"]
[WhiteElo "2630"]
[BlackElo "2421"]

1.e4 e5 2.Nf3 Nc6 3.Bb5 a6 4.Ba4 Nf6 5.O-O Be7 6.d3 d6 7.c3 O-O 8.Re1 Re8 9.h3
Bf8 10.c4 Bd7 11.Be3 g6 12.Nc3 Bg7 13.Rc1 Rc8 14.a3 Nh5 15.Nd5 Nf4 16.Nxf4
exf4 17.Bxf4 Bxb2 18.Rb1 Bxa3 19.d4 a5 20.Rxb7 Bb4 21.Re3 Qe7 22.Qa1 Qf6
23.Bg5 Qg7 24.e5 dxe5 25.d5 f6 26.dxc6 Be6 27.Bh4 g5 28.Bg3 Bxc4 29.Qc1 Qf7
30.Nd2 Be6 31.Ne4 Red8 32.Rf3 {#r} 1-0

[Event "24th Space Coast Open"]
[Site "Cocoa Beach USA"]
[Date "2017.04.29"]
[Round "4.3"]
[White "Valido,C"]
[Black "Goss,M"]
[Result "1-0"]
[WhiteElo "2235"]
[BlackElo "2159"]

1.b3 e6 2.Bb2 d5 3.Nf3 Nf6 4.e3 Nbd7 5.d4 Bd6 6.c4 dxc4 7.bxc4 c5 8.Bd3 cxd4
9.exd4 b6 10.O-O O-O 11.Nbd2 Bb7 12.Qe2 Qc7 13.Ne5 Rad8 14.f4 Rfe8 15.a4 Nb8
16.Rac1 Nc6 17.Ndf3 Qe7 18.Qe3 Rf8 19.Ng5 g6 20.Rce1 Bb4 21.Nxc6 Bxc6 22.Re2
h6 23.Nf3 Ng4 24.Qc1 Bxa4 25.f5 Kh7 26.h3 Nf6 27.fxg6+ fxg6 28.Ne5 Be8 29.Ref2
Nd7 30.Nc6 Rxf2 31.Rxf2 {#r} 1-0

[Event "World Schools U17 2017"]
[Site "Iasi ROU"]
[Date "2017.04.29"]
[Round "8.4"]
[White "Albu,George"]
[Black "Zubcu,Vlad-George"]
[Result "0-1"]
[WhiteElo "1950"]
[BlackElo "2127"]
[EventType "swiss"]

1.d4 Nf6 2.c4 g6 3.Nc3 d5 4.Nf3 Bg7 5.Qb3 dxc4 6.Qxc4 O-O 7.e4 Na6 8.Be3 Ng4
9.Bg5 c5 10.d5 h6 11.Bd2 f5 12.e5 Kh7 13.h3 Nxe5 14.Nxe5 Bxe5 15.Qh4 f4
16.O-O-O Nb4 17.g3 Bf5 18.gxf4 Bf6 19.Qg3 Qa5 20.a3 Qa4 21.Bd3 Nxd3+ 22.Qxd3
Qxd1+ 23.Rxd1 Bxd3 24.Be3 c4 25.h4 {#R} 0-1

[Event "World Schools U17 2017"]
[Site "Iasi ROU"]
[Date "2017.04.29"]
[Round "8.8"]
[White "Shah,Bhaven Jay"]
[Black "Banerjee,Abhimanyu"]
[Result "0-1"]
[WhiteElo "1699"]
[BlackElo "2034"]

1.e4 c6 2.d4 d5 3.Nc3 dxe4 4.Nxe4 Nd7 5.Ng5 Ngf6 6.Bc4 e6 7.Qe2 Nb6 8.Bd3 h6
9.N5f3 c5 10.Be3 Nbd5 11.O-O-O Qa5 12.Kb1 Be7 13.Bd2 Qc7 14.Bb5+ Bd7 15.Ne5
O-O 16.Nxd7 Nxd7 17.c4 N5f6 18.d5 exd5 19.cxd5 Rfe8 20.Nf3 Bd6 21.Qd3 a6
22.Bxd7 Qxd7 23.Nh4 Re4 24.g3 Rae8 25.Bc3 Be5 26.f3 Ra4 27.b3 c4 28.Qc2 cxb3
29.axb3 Bxc3 30.bxa4 Rc8 31.Qb3 b5 32.axb5 axb5 33.Rc1 b4 34.Rc2 g5 35.Ng2 Qf5
36.Ne3 Qxf3 37.Rf1 Qxe3 38.Rxf6 Ra8 39.Rxc3 bxc3 40.Qb7 Qd3+ {#R} 0-1

[Event "World Schools U17 2017"]
[Site "Iasi ROU"]
[Date "2017.04.29"]
[Round "8.9"]
[White "Herath,Nipuna B B"]
[Black "Ranawaka,Nuran Lakshitha N"]
[Result "1-0"]
[WhiteElo "1644"]
[BlackElo "1515"]

1.Nf3 d5 2.d4 c6 3.g3 e6 4.Bg2 Bd6 5.O-O f5 6.b3 Qe7 7.Bf4 Nd7 8.Nbd2 Ngf6
9.c4 Nh5 10.Bxd6 Qxd6 11.e3 Nhf6 12.Qc2 Ne4 13.Ne1 Nxd2 14.Qxd2 O-O 15.a3 b6
16.Qc3 Ba6 17.Nd3 Rac8 18.Nb4 Bb7 19.Qb2 Nf6 20.Rac1 Ne4 21.Rfd1 g5 22.Nd3 Nf6
23.Ne5 Rc7 24.cxd5 exd5 25.b4 Re8 26.Qc2 f4 27.exf4 gxf4 28.Rd3 fxg3 29.Rxg3+
Rg7 30.Qd2 Ne4 31.Bxe4 dxe4 32.Rxg7+ Kxg7 33.Qg5+ {#r} 1-0

[Event "ch-CAT 2017"]
[Site "Vilanova i la Geltru ESP"]
[Date "2017.04.29"]
[Round "1.1"]
[White "Garcia Ramos,Daniel"]
[Black "Narciso Dublan,M"]
[Result "0-1"]
[WhiteElo "2208"]
[BlackElo "2508"]

1.e4 d6 2.d4 Nf6 3.Nc3 g6 4.Nf3 Bg7 5.Bc4 O-O 6.O-O Nxe4 7.Nxe4 d5 8.Bd3 dxe4
9.Bxe4 Nd7 10.Qe2 c5 11.Rd1 Qc7 12.c3 Nf6 13.Bc2 b6 14.Bg5 Bb7 15.Re1 cxd4
16.Nxd4 e6 17.Rad1 a6 18.a4 Rfe8 19.Bxf6 Bxf6 20.Be4 Red8 21.Nf3 Bxe4 22.Qxe4
b5 23.h3 Rab8 24.axb5 Rxb5 25.Rxd8+ Qxd8 26.Re2 Qb8 27.Qc2 Kg7 28.Rd2 a5
29.Ne1 Bg5 30.Re2 Rd5 31.c4 Rd7 32.b3 Rb7 33.Qc3+ Bf6 34.Qxa5 Rxb3 35.Qc5 Qd8
36.Nf3 Rxf3 {#R} 0-1

[Event "ch-CAT 2017"]
[Site "Vilanova i la Geltru ESP"]
[Date "2017.04.29"]
[Round "1.1"]
[White "Fluvia Poyatos,Jor"]
[Black "Vidal Zamora,A"]
[Result "1-0"]
[WhiteElo "2443"]
[BlackElo "2361"]

1.e4 e5 2.Nf3 Nc6 3.d4 exd4 4.Nxd4 Nf6 5.Nxc6 bxc6 6.e5 Qe7 7.Qe2 Nd5 8.c4 Ba6
9.b3 g6 10.g3 Bg7 11.Bb2 f6 12.Bg2 fxe5 13.O-O O-O 14.Qd2 Nb6 15.Ba3 d6
16.Bxc6 Rad8 17.Nc3 Bc8 18.Qe3 Bd7 19.Bg2 c5 20.Bb2 Bf5 21.Be4 Bxe4 22.Qxe4
Rf7 23.Rad1 Bf8 24.Bc1 Qf6 25.Be3 Be7 26.Rd2 Qf3 27.Rfd1 Rdf8 28.Qxf3 Rxf3
29.Ne4 Nc8 30.Kg2 R8f7 31.Bf4 R3xf4 32.gxf4 Rxf4 33.Nc3 Kf7 34.Rd3 Ke6 35.Nd5
Re4 36.Re3 Rg4+ 37.Rg3 Re4 38.Rh3 Rg4+ 39.Kf3 Rh4 40.Rxh4 Bxh4 41.Ke4 Bg5
42.Rd3 {#r} 1-0

[Event "1st Ruse Cup 2017"]
[Site "Ruse BUL"]
[Date "2017.04.29"]
[Round "1.2"]
[White "Stoilov,Konstantin"]
[Black "Mitrev,E"]
[Result "0-1"]
[WhiteElo "1431"]
[BlackElo "2091"]
[EventType "swiss"]

1.e4 c5 2.Nf3 e6 3.d4 cxd4 4.Nxd4 a6 5.Nc3 Qc7 6.Be2 Nf6 7.O-O b5 8.a3 d6
9.Be3 Bb7 10.Qd3 Nbd7 11.f3 Ne5 12.Qd1 Be7 13.Bf2 O-O 14.Nb3 Rac8 15.Rc1 Rfd8
16.Qd2 Ng6 17.Rfd1 d5 18.exd5 Nxd5 19.Nxd5 Bxd5 20.Qe1 Bg5 21.Nd2 h5 22.h4 Bf6
23.c3 Qb7 24.Ne4 Bxe4 25.Rxd8+ Rxd8 26.fxe4 Qxe4 27.Bxh5 Qxe1+ 28.Bxe1 Nxh4
29.Bxh4 Bxh4 30.Rf1 g6 31.Bf3 Rd2 32.Rb1 f5 33.Bb7 Rd6 34.Kf1 Kf7 35.Ke2 Rb6
36.Bf3 e5 37.Bd5+ Ke7 38.Rd1 e4 39.Bb3 Bg5 40.Rh1 Kf6 41.Ke1 Bc1 42.Kd1 Bxb2
{#R} 0-1

[Event "1st Ruse Cup 2017"]
[Site "Ruse BUL"]
[Date "2017.04.29"]
[Round "1.3"]
[White "Luca,Ionel"]
[Black "Botev,Stanislav"]
[Result "1-0"]
[WhiteElo "2089"]
[BlackElo "1424"]
[EventType "swiss"]

1.c4 Nf6 2.Nc3 e6 3.g3 c6 4.Bg2 d5 5.b3 Bd6 6.Bb2 O-O 7.Rc1 Nbd7 8.Nf3 Re8
9.O-O Qe7 10.Re1 Nf8 11.d4 b6 12.e4 dxe4 13.Nxe4 Nxe4 14.Rxe4 Bb7 15.Rc2 Rad8
16.Qc1 c5 17.d5 Qc7 18.Rce2 Re7 19.Qg5 Ng6 20.Nh4 h6 21.Qh5 Nxh4 22.Qxh4 Rde8
23.Bf6 Kh7 24.Rg4 g6 25.Qxh6+ Kxh6 26.Rh4# 1-0

[Event "1st Ruse Cup 2017"]
[Site "Ruse BUL"]
[Date "2017.04.29"]
[Round "1.5"]
[White "Dyakov,Martin"]
[Black "Inal,Ihsan Berkay"]
[Result "1-0"]
[WhiteElo "2017"]
[BlackElo "1292"]
[EventType "swiss"]

1.c4 e5 2.Nc3 Nf6 3.g3 Bc5 4.Bg2 Nc6 5.e3 d6 6.Nge2 O-O 7.O-O Bf5 8.d4 Bb6
9.a3 a6 10.b4 Rb8 11.Bb2 Qd7 12.c5 Ba7 13.Qa4 Ne7 14.dxe5 Qxa4 15.Nxa4 dxe5
16.Bxe5 Rfc8 17.Nd4 Be4 18.Bxf6 Bxg2 19.Kxg2 gxf6 20.Rac1 c6 21.Rfd1 Rd8
22.Nb3 Kf8 23.Na5 Ke8 24.Nc4 Rd7 25.Rxd7 Kxd7 26.Rd1+ Kc7 27.Rd6 f5 28.Rf6 Rf8
29.Nd6 b6 30.cxb6+ Bxb6 31.Nxf5 Nd5 32.Rh6 Rh8 33.e4 Nxb4 34.axb4 Ba7 35.e5
Kd7 36.Rf6 Rf8 37.e6+ Ke8 38.e7 Rg8 39.Rxc6 {#r} 1-0

[Event "1st Ruse Cup 2017"]
[Site "Ruse BUL"]
[Date "2017.04.29"]
[Round "1.6"]
[White "Velikov,Georgi"]
[Black "Dzanev,G"]
[Result "0-1"]
[WhiteElo "1265"]
[BlackElo "1990"]
[EventType "swiss"]

1.e4 c6 2.Nf3 d5 3.d3 dxe4 4.dxe4 Qxd1+ 5.Kxd1 Nf6 6.Bd3 Bg4 7.Nd2 Nbd7 8.Re1
O-O-O 9.h3 Bh5 10.a3 e6 11.b3 Bc5 12.Rf1 Bd4 13.Rb1 Bc3 14.Bb2 Bxb2 15.Rxb2
Nc5 16.e5 Nfe4 17.g4 Bg6 18.Ke2 Nxd2 19.Nxd2 Nxd3 20.cxd3 Bxd3+ 21.Ke3 Bxf1
22.Nxf1 Rd5 23.Ke4 Rhd8 24.Ne3 Rd2 25.Rxd2 Rxd2 26.Kf3 Rd3 {#R} 0-1

[Event "1st Ruse Cup 2017"]
[Site "Ruse BUL"]
[Date "2017.04.29"]
[Round "1.7"]
[White "Naydenov,Nayden"]
[Black "Velikov,Nikola"]
[Result "1-0"]
[WhiteElo "1989"]
[BlackElo "1169"]
[EventType "swiss"]

1.e4 c5 2.f4 e6 3.Nf3 a6 4.Nc3 d6 5.g3 Nd7 6.Bg2 Qc7 7.O-O Ngf6 8.d3 g6 9.Qe2
Nh5 10.g4 Ng7 11.f5 Be7 12.Bg5 Bxg5 13.Nxg5 h6 14.fxe6 fxe6 15.Nf7 Rh7 16.e5
Nxe5 17.Nxe5 dxe5 18.Ne4 Rh8 19.Qf2 Qe7 20.Qg3 Rb8 21.Qxe5 Ra8 22.Nd6+ Kd8
23.Nf7+ Ke8 24.Nxh8 g5 25.Ng6 {#r} 1-0

[Event "1st Ruse Cup 2017"]
[Site "Ruse BUL"]
[Date "2017.04.29"]
[Round "2.4"]
[White "Barkashki,M"]
[Black "Radev,Rumen Ang."]
[Result "1-0"]
[WhiteElo "2024"]
[BlackElo "1878"]
[EventType "swiss"]

1.Nf3 d6 2.d3 e5 3.g3 Bg4 4.Bg2 c6 5.Nc3 Qc8 6.h3 Bd7 7.d4 f6 8.a4 Na6 9.e4
Ne7 10.Be3 Ng6 11.Qe2 Nb4 12.a5 h5 13.h4 Bg4 14.Qd2 Be7 15.Ra4 Na6 16.O-O Bd7
17.Raa1 Bd8 18.Na4 Nc7 19.dxe5 dxe5 20.Nc5 Bg4 21.Nh2 Ne6 22.Nxg4 hxg4 23.Rfd1
Nxc5 24.Bxc5 Nf8 25.Bxf8 Rxf8 26.Bf1 Be7 27.Qc3 Qe6 28.Bc4 Qc8 29.Qb3 g5
30.Be6 Qb8 31.Bd7+ Kd8 32.Bf5+ {#r} 1-0

[Event "1st Ruse Cup 2017"]
[Site "Ruse BUL"]
[Date "2017.04.29"]
[Round "2.5"]
[White "Jordanov,Jordan"]
[Black "Dyakov,Martin"]
[Result "0-1"]
[WhiteElo "1796"]
[BlackElo "2017"]
[EventType "swiss"]

1.Nf3 f5 2.d4 Nf6 3.Nc3 e6 4.g3 b6 5.Bg2 Bb7 6.O-O Bb4 7.a3 Bxc3 8.bxc3 O-O
9.a4 d6 10.Ba3 c5 11.Rb1 Qc7 12.c4 Ne4 13.Qd3 Na6 14.c3 Rac8 15.d5 e5 16.Nh4
Ng5 17.Nxf5 e4 18.Bxe4 Nxe4 19.Qxe4 Rce8 20.Qd3 Bc8 21.Nh4 g5 22.Nf3 Bf5
23.Qd2 Bxb1 24.Qxg5+ Bg6 25.Nh4 Qe7 26.Qh6 Qg7 27.Qd2 Re4 28.Nf3 Qe7 29.Qg5
Rxe2 30.Qxe7 Rxe7 31.Ng5 Bd3 32.Rd1 Bxc4 33.Ne6 Rf6 34.Nf4 Rxf4 35.gxf4 Nc7
{#R} 0-1

[Event "1st Ruse Cup 2017"]
[Site "Ruse BUL"]
[Date "2017.04.29"]
[Round "2.6"]
[White "Dzanev,G"]
[Black "Mitev,Mitko"]
[Result "1-0"]
[WhiteElo "1990"]
[BlackElo "1792"]
[EventType "swiss"]

1.d4 d5 2.c4 e6 3.Nf3 Nf6 4.g3 c6 5.Bg2 Bb4+ 6.Bd2 Qa5 7.O-O Nbd7 8.a3 Bxd2
9.Nbxd2 O-O 10.Qc2 Re8 11.b4 Qd8 12.e4 dxe4 13.Nxe4 e5 14.Nd6 Re7 15.Rfe1 exd4
16.Nxd4 Nb6 17.N4f5 Bxf5 18.Nxf5 Rd7 19.Rad1 g6 20.Ne3 Rxd1 21.Rxd1 Qe7 22.Qd3
Rc8 23.c5 Na8 24.Qd6 Kf8 25.Nc4 Nc7 26.Na5 Rb8 27.Qxe7+ Kxe7 28.Bxc6 b6
29.cxb6 Rxb6 30.Bf3 Ke6 31.Nc4 Ra6 32.Bb7 Ra4 33.Bc6 Ra6 34.Re1+ Kf5 35.b5 Ra4
36.Ne3+ Kg5 37.b6 Ra6 38.b7 {#r} 1-0

[Event "World Senior Teams +50"]
[Site "Hersonissos GRE"]
[Date "2017.04.29"]
[Round "6.1"]
[White "Speelman,J"]
[Black "Ionov,S"]
[Result "1-0"]
[WhiteElo "2511"]
[BlackElo "2535"]

1.d4 d5 2.Nf3 Nf6 3.c4 e6 4.g3 Bb4+ 5.Bd2 Be7 6.Bg2 O-O 7.O-O c6 8.Qc2 b6
9.Bf4 Ba6 10.cxd5 cxd5 11.Rc1 Nbd7 12.Nc3 Nh5 13.Qa4 Nxf4 14.Qxa6 Nxg2 15.Kxg2
Qc8 16.Qxc8 Rfxc8 17.Nb5 Bf8 18.Nc7 Rab8 19.a4 Nc5 20.dxc5 Rxc7 21.cxb6 Rxc1
22.bxa7 Ra8 23.Rxc1 Rxa7 24.b3 g6 25.Nd4 Kg7 26.Nc6 Rb7 27.b4 {#r} 1-0

[Event "World Senior Teams +50"]
[Site "Hersonissos GRE"]
[Date "2017.04.29"]
[Round "6.1"]
[White "Solozhenkin,E"]
[Black "Arkell,K"]
[Result "1-0"]
[WhiteElo "2443"]
[BlackElo "2411"]

1.e4 c6 2.d4 d5 3.e5 c5 4.dxc5 Nc6 5.f4 e6 6.Be3 d4 7.Bf2 Bxc5 8.Nd2 Nge7 9.a3
Nf5 10.Bd3 O-O 11.Qf3 f6 12.exf6 gxf6 13.Ne2 Rf7 14.Nb3 Bb6 15.O-O-O Rd7
16.Qh3 Qc7 17.Bxf5 exf5 18.Nbxd4 Nxd4 19.Bxd4 Bxd4 20.Rxd4 Rxd4 21.Qg3+ Kf7
22.Nxd4 Qc4 23.Rd1 Bd7 24.Qh4 Kg7 25.Qh5 Rc8 26.Nxf5+ Kh8 27.Nd4 Qa2 28.Rd3
Qa1+ 29.Kd2 Re8 30.Qh4 Rf8 31.Nb3 Qg1 32.Rxd7 Qxg2+ 33.Kc1 {#r} 1-0

[Event "World Senior Teams +50"]
[Site "Hersonissos GRE"]
[Date "2017.04.29"]
[Round "6.2"]
[White "Minasian,Art"]
[Black "Gruenfeld,Y"]
[Result "0-1"]
[WhiteElo "2480"]
[BlackElo "2410"]

1.e4 c5 2.f4 g6 3.Nf3 Bg7 4.d3 d6 5.g3 Nf6 6.Bg2 O-O 7.O-O Nc6 8.c3 Rb8 9.h3
b5 10.a3 a5 11.g4 b4 12.axb4 axb4 13.Be3 bxc3 14.bxc3 Nd7 15.d4 cxd4 16.cxd4
Nb4 17.Ne1 Ba6 18.Rf2 Nb6 19.Na3 e5 20.fxe5 dxe5 21.d5 Qd6 22.Rb2 Rfc8 23.Rab1
Nd7 24.Qa4 Bf8 25.Nac2 Nc5 26.Qa3 Ncd3 27.Rb3 Bc4 28.Rc3 Qd7 29.Qa7 Qxa7
30.Bxa7 Ra8 31.Nxd3 Na2 32.Rxc4 Rxc4 33.Nxe5 Rxc2 34.Be3 Nc3 35.Re1 Re8 36.Nd7
Bg7 37.Bg5 Nxd5 38.Rf1 h6 39.Bc1 Nc3 40.Bf3 Bd4+ 41.Kh1 Rd8 {#R} 0-1

[Event "World Senior Teams +50"]
[Site "Hersonissos GRE"]
[Date "2017.04.29"]
[Round "6.2"]
[White "Galdunts,S"]
[Black "Polyakov,A"]
[Result "1-0"]
[WhiteElo "2430"]
[BlackElo "2223"]

1.e4 b6 2.d4 Bb7 3.Bd3 Nf6 4.Qe2 e6 5.Nf3 d5 6.e5 Nfd7 7.Ng5 Be7 8.Qg4 Nf8
9.h4 h5 10.Qf3 f6 11.Nh3 Nc6 12.Qg3 Nb4 13.Qxg7 Nxd3+ 14.cxd3 Rh7 15.Qg3 Qd7
16.Nc3 O-O-O 17.exf6 Bxf6 18.Bg5 Qg7 19.Rc1 Ba6 20.Ne2 Re8 21.Qf4 Bxg5 22.Nxg5
Bxd3 23.Nxh7 Qxh7 24.Rh3 e5 25.dxe5 Ng6 26.Qa4 Rxe5 27.Rxd3 Qe7 28.Qa6+ Kb8
29.Rg3 {#r} 1-0

[Event "World Senior Teams +50"]
[Site "Hersonissos GRE"]
[Date "2017.04.29"]
[Round "6.3"]
[White "Papadimitriou,L"]
[Black "Huzman,A"]
[Result "0-1"]
[WhiteElo "2003"]
[BlackElo "2550"]

1.d4 Nf6 2.Bg5 d5 3.e3 c5 4.Bxf6 gxf6 5.dxc5 e6 6.c4 dxc4 7.Nc3 Nd7 8.Bxc4
Nxc5 9.Nf3 Qxd1+ 10.Rxd1 a6 11.Be2 Bd7 12.O-O Rc8 13.Nd2 f5 14.Nc4 Rc7 15.Bh5
Bg7 16.Nd6+ Ke7 17.Nxf5+ exf5 18.Nd5+ Kd8 19.Nxc7 Kxc7 20.Rc1 Kb6 21.Bxf7 Bb5
22.Bc4 Bxb2 23.Rb1 Bxc4 24.Rxb2+ Ka5 25.Rd1 b5 26.Rd6 Ne4 27.Rd4 Nc3 28.Rdd2
Ka4 {#R} 0-1

[Event "World Senior Teams +50"]
[Site "Hersonissos GRE"]
[Date "2017.04.29"]
[Round "6.3"]
[White "Greenfeld,A"]
[Black "Hrisanthopoulos,D"]
[Result "1-0"]
[WhiteElo "2550"]
[BlackElo "1996"]

1.d4 Nf6 2.Nf3 e6 3.c4 b6 4.a3 Bb7 5.Nc3 d5 6.cxd5 Nxd5 7.e3 g6 8.h4 Bg7 9.h5
c5 10.Bb5+ Bc6 11.Bd3 Qc7 12.e4 cxd4 13.Nxd5 exd5 14.e5 Qe7 15.O-O O-O 16.Re1
Bd7 17.Bg5 Qe6 18.Nxd4 Qg4 19.Qxg4 Bxg4 20.f3 Bd7 21.Rac1 Re8 22.f4 h6 23.Bf6
Bf8 24.Nb5 Na6 25.b4 gxh5 26.Kh2 Rec8 27.Rxc8 Rxc8 28.Nd6 {#r} 1-0

[Event "World Senior Teams +50"]
[Site "Hersonissos GRE"]
[Date "2017.04.29"]
[Round "6.3"]
[White "Sideris,N"]
[Black "Soffer,R"]
[Result "0-1"]
[WhiteElo "1975"]
[BlackElo "2508"]

1.e4 e5 2.Nf3 Nc6 3.Bb5 a6 4.Bxc6 dxc6 5.O-O Qf6 6.d4 exd4 7.Qxd4 Qxd4 8.Nxd4
Bd7 9.Nc3 O-O-O 10.Bf4 Ne7 11.Rfe1 h5 12.Be3 Ng6 13.f4 Bb4 14.Nde2 h4 15.a3
Bd6 16.Kf2 f6 17.Kf3 Rh5 18.Rh1 Rdh8 19.Rad1 b5 20.Rd2 Rf8 21.Rhd1 Ne5+
22.fxe5 fxe5+ 23.Nf4 exf4 24.Bd4 Rg5 {#R} 0-1

[Event "World Senior Teams +50"]
[Site "Hersonissos GRE"]
[Date "2017.04.29"]
[Round "6.4"]
[White "Cordes,HJ"]
[Black "Rantanen,Y"]
[Result "1-0"]
[WhiteElo "2231"]
[BlackElo "2292"]

1.d4 Nf6 2.c4 g6 3.Nc3 Bg7 4.e4 d6 5.f3 O-O 6.Be3 Nc6 7.Qd2 Re8 8.O-O-O a6
9.Bh6 Bh8 10.h4 e5 11.dxe5 dxe5 12.Qf2 Nd4 13.h5 c6 14.hxg6 fxg6 15.Nge2 b5
16.Nxd4 exd4 17.Rxd4 Qa5 18.Rd6 b4 19.c5 bxc3 20.Bc4+ Nd5 21.Rxc6 cxb2+ 22.Kb1
Be6 23.Rxe6 Nc3+ 24.Kc2 Qa4+ 25.Kd3 Qxc4+ 26.Kxc4 Rxe6 27.Qxb2 Nb5 28.Qd2 Bd4
29.Be3 Bxe3 30.Qxe3 Rd8 31.a4 Na7 32.Rb1 Nc6 33.Rb6 Ne5+ 34.Kc3 Re7 35.Qg5
{#r} 1-0

[Event "World Senior Teams +50"]
[Site "Hersonissos GRE"]
[Date "2017.04.29"]
[Round "6.4"]
[White "Hoehn,M"]
[Black "Viljava,T"]
[Result "0-1"]
[WhiteElo "2052"]
[BlackElo "2187"]

1.Nf3 c5 2.b3 d6 3.Bb2 e5 4.d3 Nc6 5.g3 g6 6.Bg2 Bg7 7.O-O Nge7 8.Nfd2 Be6
9.c4 Qd7 10.Re1 O-O 11.Nc3 Rab8 12.a3 d5 13.cxd5 Nxd5 14.Nce4 Qe7 15.Rc1 b6
16.Nf3 h6 17.Ned2 Rbc8 18.Qc2 Qd7 19.Qb1 Nde7 20.Qa1 f6 21.Red1 Bd5 22.e3 g5
23.Nc4 Ng6 24.e4 Be6 25.Ne3 Bxb3 26.Rd2 Be6 27.Nd5 Nge7 28.Ne3 Rfd8 29.h4 Na5
30.hxg5 Nb3 31.Qb1 Nxd2 32.Nxd2 hxg5 33.Bf1 Nc6 34.f4 exf4 35.gxf4 gxf4 36.Ng2
Nd4 37.Nxf4 Bh6 38.Nxe6 Qxe6 39.Bxd4 Rxd4 40.Rc2 Be3+ 41.Kh1 Qg4 {#R} 0-1

[Event "World Senior Teams +50"]
[Site "Hersonissos GRE"]
[Date "2017.04.29"]
[Round "6.4"]
[White "Kivimaki,Ja"]
[Black "Wolff,Pe"]
[Result "1-0"]
[WhiteElo "2135"]
[BlackElo "1963"]

1.d4 d5 2.Nf3 Nf6 3.e3 c6 4.c4 Bg4 5.Nbd2 e6 6.h3 Bh5 7.g4 Bg6 8.Ne5 Nbd7
9.Nxg6 hxg6 10.Bg2 g5 11.O-O Bd6 12.Re1 Ne4 13.cxd5 exd5 14.Bxe4 dxe4 15.Nxe4
Bb4 16.Bd2 Bxd2 17.Nd6+ Ke7 18.Nf5+ Kf6 19.Qxd2 Rxh3 20.Kg2 Rh8 21.e4 Kg6
22.e5 Nf6 23.Ne7+ Qxe7 24.Qd3+ {#r} 1-0